LEADER 01091nam a2200265 i 4500 001 991004074909707536 005 20020506112940.0 008 000704s1966 it ||| | ita 035 $ab10596902-39ule_inst 035 $aEXGIL131868$9ExL 040 $aBiblioteca Interfacoltà$bita 082 0 $a301.44 100 1 $aDel Carria, Renzo$0122060 245 10$aProletari senza rivoluzione :$bstoria delle classi subalterne italiane dal 1860 al 1950 /$cRenzo Del Carria 260 $aMilano :$bOriente,$c1966 300 $a2 v. :$bill. ;$c22 cm. 650 4$aMovimento operaio$zItalia$xStoria 650 4$aProletariato$zItalia$y1860-1950 907 $a.b10596902$b02-04-14$c27-06-02 912 $a991004074909707536 945 $aLE002 St. X B 22 I$cV. 1$g1$i2002000696090$lle002$o-$pE0.00$q-$rl$s- $t0$u0$v0$w0$x0$y.i10681905$z27-06-02 945 $aLE002 St. X B 22 II$cV. 2$g1$i2002000696014$lle002$o-$pE0.00$q-$rl$s- $t0$u0$v0$w0$x0$y.i10681917$z27-06-02 996 $aProletari senza rivoluzione$9236616 997 $aUNISALENTO 998 $ale002$b01-01-00$cm$da $e-$fita$git $h0$i2 LEADER 01559nas 2200445-a 450 001 996211116603316 005 20240413023038.0 011 $a2583-1445 035 $a(CKB)110978978957350 035 $a(CONSER)---85913421- 035 $a(EXLCZ)99110978978957350 100 $a19851022a19839999 --- a 101 0 $aeng 181 $ctxt$2rdacontent 182 $cc$2rdamedia 183 $acr$2rdacarrier 200 00$aAbhigyan $ethe journal of Foundation of Organisational Research 210 $a[New Delhi] $cThe Foundation 215 $a1 online resource 300 $aRefereed/Peer-reviewed 311 $aPrint version: Abhigyan : (DLC) 85913421 (OCoLC)12704234 0970-2385 531 $aABHIGYAN THE JOURNAL OF FOUNDATION FOR ORGANIZATION RESEARCH AND EDUCATION 606 $aIndustrial management$zIndia$vPeriodicals 606 $aOrganizational behavior$vPeriodicals 606 $aIndustrial management$2fast$3(OCoLC)fst00971246 606 $aOrganizational behavior$2fast$3(OCoLC)fst01047801 607 $aIndia$2fast$1https://id.oclc.org/worldcat/entity/E39PBJmdx47cDXrRhBXHtbvPwC 608 $aPeriodicals.$2fast 608 $aPeriodicals.$2lcgft 615 0$aIndustrial management 615 0$aOrganizational behavior 615 7$aIndustrial management. 615 7$aOrganizational behavior. 676 $a658/.00954 712 02$aFoundation for Organisational Research (India) 906 $aJOURNAL 912 $a996211116603316 920 $aexl_impl conversion 996 $aAbhigyan$92369156 997 $aUNISA